| 000 | 00793cab a2200265 4500 | ||
|---|---|---|---|
| 001 | ABS52526 | ||
| 008 | 090401t1995 xxu||||| |||| 00| 0 eng d | ||
| 035 | _a(Sirsi) u83348 | ||
| 041 | _aeng | ||
| 100 | _aManthorpe, J. | ||
| 245 | _aLand charges | ||
| 260 | _c1995 | ||
| 350 | _a0 | ||
| 490 |
_aGuardian Gazette _v92(13) 29 March 1995, 22(1) |
||
| 520 | _aIntroduces the Land Registration Rules 1995, in force from 3 April, and explains how they will affect the protection of equitable charges on the land register. | ||
| 650 | _aCHARGE CERTIFICATES | ||
| 650 | _aCHARGES | ||
| 650 | _aEQUITABLE CHARGES | ||
| 650 | _aLAND REGISTER | ||
| 650 | _aLAND REGISTRATION RULES 1995 | ||
| 690 | _aLAND | ||
| 690 | _aPROPERTY LAW AND PRACTICE | ||
| 942 | _n0 | ||
| 948 | _c04/03/1997 | ||
| 999 |
_c52638 _d52638 |
||